Basic electrical installation work / (Record no. 189409)

000 -LEADER
fixed length control field 01386 a2200253 4500
003 - CONTROL NUMBER IDENTIFIER
control field Nust
005 - DATE AND TIME OF LATEST TRANSACTION
control field 20221117151732.0
010 ## - LIBRARY OF CONGRESS CONTROL NUMBER
LC control number 2005283382
020 ## - INTERNATIONAL STANDARD BOOK NUMBER
International Standard Book Number 0750666242 (pbk.)
040 ## - CATALOGING SOURCE
Transcribing agency Nust
082 00 - DEWEY DECIMAL CLASSIFICATION NUMBER
Classification number 621.31924,LIN
100 1# - MAIN ENTRY--PERSONAL NAME
Personal name Linsley, Trevor.
9 (RLIN) 102934
245 10 - TITLE STATEMENT
Title Basic electrical installation work /
Statement of responsibility, etc. Trevor Linsley.
250 ## - EDITION STATEMENT
Edition statement 6th ed.
260 ## - PUBLICATION, DISTRIBUTION, ETC.
Place of publication, distribution, etc. Amsterdam ;
-- Boston :
Name of publisher, distributor, etc. Newnes,
Date of publication, distribution, etc. c2005.
300 ## - PHYSICAL DESCRIPTION
Extent vi, 286 p. :
Other physical details ill. ;
Dimensions 25 cm.
505 ## - FORMATTED CONTENTS NOTE
Formatted contents note Understanding Health And Safety Legislation, Practices And Procedures (Page-1), Understanding Environmental Legislation And Environmental Technology Systems(Page-55), Organizing The Work Environment (Page-85), Electrical Supply Systems, Earthling Arrangements And Protective Devices (Page-121), Preparation And Installation Of Wiring Systems (Page-175), Termination And Connection Of Conductors And Cables (Page-247), Inspection, Testing And Commissioning Electrical Installations (Page-275), Fault Diagnosis And Repair (Page-305), Electrical Scientific C Theory (Page-345).
650 #0 - SUBJECT ADDED ENTRY--TOPICAL TERM
Topical term or geographic name entry element Electric wiring, Interior
9 (RLIN) 41218
650 #0 - SUBJECT ADDED ENTRY--TOPICAL TERM
Topical term or geographic name entry element Electronics
650 #0 - SUBJECT ADDED ENTRY--TOPICAL TERM
Topical term or geographic name entry element Telecommunication Engineering
856 41 - ELECTRONIC LOCATION AND ACCESS
Materials specified Publisher description
Uniform Resource Identifier <a href="http://www.loc.gov/catdir/enhancements/fy0627/2005283382-d.html">http://www.loc.gov/catdir/enhancements/fy0627/2005283382-d.html</a>
856 41 - ELECTRONIC LOCATION AND ACCESS
Materials specified Table of contents only
Uniform Resource Identifier <a href="http://www.loc.gov/catdir/toc/fy0604/2005283382.html">http://www.loc.gov/catdir/toc/fy0604/2005283382.html</a>
942 ## - ADDED ENTRY ELEMENTS (KOHA)
Source of classification or shelving scheme
Koha item type Book
Holdings
Withdrawn status Lost status Source of classification or shelving scheme Damaged status Not for loan Permanent Location Current Location Shelving location Date acquired Full call number Barcode Date last seen Price effective from Koha item type Public note
          Military College of Signals (MCS) Military College of Signals (MCS) General Stacks 12/12/2016 621.31924,LIN MCS35171 12/08/2016 12/12/2016 Book Almirah No.30, Shelf No.2
© 2023 Central Library, National University of Sciences and Technology. All Rights Reserved.